Martín Tominejo / (Registro nro. 7352)
[ vista simple ]
| 000 -LEADER | |
|---|---|
| fixed length control field | 01432nam a22002897a 4500 |
| 003 - CONTROL NUMBER IDENTIFIER | |
| control field | OSt |
| 005 - DATE AND TIME OF LATEST TRANSACTION | |
| control field | 20210226131921.0 |
| 008 - FIXED-LENGTH DATA ELEMENTS--GENERAL INFORMATION | |
| fixed length control field | 210226s2006 ck a|||br|||| 00| jdspa d |
| 020 ## - INTERNATIONAL STANDARD BOOK NUMBER | |
| International Standard Book Number | 9789583019760 |
| 040 ## - CATALOGING SOURCE | |
| Original cataloging agency | CO-JMCR |
| Transcribing agency | CO-JMCR |
| 041 0# - LANGUAGE CODE | |
| Language code of text/sound track or separate title | spa |
| 082 04 - DEWEY DECIMAL CLASSIFICATION NUMBER | |
| Classification number | C / |
| Item number | PERm |
| Edition number | 23 |
| 100 1# - MAIN ENTRY--PERSONAL NAME | |
| Personal name | Pérez Gaviria, Lina María, |
| Relator term | autora |
| 9 (RLIN) | 14018 |
| 245 10 - TITLE STATEMENT | |
| Title | Martín Tominejo / |
| Statement of responsibility, etc. | Lina María Pérez Gaviria ; ilustraciones Verónica Cháves Morales |
| 250 ## - EDITION STATEMENT | |
| Edition statement | Primera edición |
| 260 ## - PUBLICATION, DISTRIBUTION, ETC. | |
| Place of publication, distribution, etc. | Bogotá : |
| Name of publisher, distributor, etc. | Panamericana Editorial, |
| Date of publication, distribution, etc. | 2006 |
| 300 ## - PHYSICAL DESCRIPTION | |
| Extent | 59 páginas : |
| Other physical details | ilustraciones a color ; |
| Dimensions | 21 cm. |
| 490 0# - SERIES STATEMENT | |
| Series statement | Colección Corcel. Cuento |
| 500 ## - GENERAL NOTE | |
| General note | Incluye glosario y datos biográficos de la autora. |
| 520 3# - SUMMARY, ETC. | |
| Summary, etc. | Martín Tominejo es el único niño con alas de su barrio, de su ciudad y se cree que del mundo entero. Martín se divierte volando con sus amigas las aves, aunque sus alas, en algunas ocasiones, le causan problemas y tiene que soportar la envidia de su vecino Emiliano quien también quiere volar. Pero al final, Martín y Emiliano descubrirán que a través de la amistad se pueden vencer todos los obstáculos. |
| 650 14 - SUBJECT ADDED ENTRY--TOPICAL TERM | |
| Topical term or geographic name entry element | Cuentos infantiles colombianos |
| Chronological subdivision | Siglo XXI |
| 9 (RLIN) | 14019 |
| 650 24 - SUBJECT ADDED ENTRY--TOPICAL TERM | |
| Topical term or geographic name entry element | Niños en la literatura |
| 9 (RLIN) | 6989 |
| 650 24 - SUBJECT ADDED ENTRY--TOPICAL TERM | |
| Topical term or geographic name entry element | Animales en la literatura |
| 9 (RLIN) | 14020 |
| 650 24 - SUBJECT ADDED ENTRY--TOPICAL TERM | |
| Topical term or geographic name entry element | Amistad en la literatura |
| 9 (RLIN) | 1249 |
| 700 1# - ADDED ENTRY--PERSONAL NAME | |
| Personal name | Cháves Morales, Verónica, |
| Relator term | ilustradora |
| 9 (RLIN) | 14021 |
| 942 ## - ADDED ENTRY ELEMENTS (KOHA) | |
| Source of classification or shelving scheme | Dewey Decimal Classification |
| Koha item type | Books |
| Withdrawn status | Lost status | Source of classification or shelving scheme | Damaged status | Not for loan | Collection code | Home library | Current library | Date acquired | Source of acquisition | Total Checkouts | Full call number | Barcode | Date last seen | Date last checked out | Copy number | Price effective from | Koha item type | Public note |
|---|---|---|---|---|---|---|---|---|---|---|---|---|---|---|---|---|---|---|
| Dewey Decimal Classification | Fiction | Biblioteca Pública José María del Castillo y Rada | Biblioteca Pública José María del Castillo y Rada | 10/02/2020 | Donación | 4 | C / PERm | 201810574 | 11/14/2025 | 11/14/2025 | Ej.1 | 02/26/2021 | Books | Exlibris: Nota en guarda "Adriana Valeria Pacativa Novoa Grado 2D" |